Beer in 10 languages - Statistics

General Stats
  • This quiz has been taken 4,206 times
    4,204 since last reset
  • The average score is 8 of 10
Answer Stats
Hint Answer % Correct
beer English
98%
bier German
95%
пиво Russian
94%
cerveza Spanish
94%
bière French
92%
ビール Japanese
87%
cerveja Portuguese
86%
piwo Polish
69%
बियर Hindi
67%
เบียร์ Thai
62%
No matching quizzes found
Score Distribution
Percent of People with Each Score
Percentile by Number Answered
Your Score History
You have not taken this quiz since the last reset